Theoretical introduction to programming (Record no. 5490)

000 -LEADER
fixed length control field 00623 a2200181 4500
020 ## - INTERNATIONAL STANDARD BOOK NUMBER
International Standard Book Number 1846280214
020 ## - INTERNATIONAL STANDARD BOOK NUMBER
International Standard Book Number 9781846280214
040 ## - CATALOGING SOURCE
Original cataloging agency DLC
Language of cataloging DLC
082 00 - DEWEY DECIMAL CLASSIFICATION NUMBER
Classification number 004
100 1# - MAIN ENTRY--PERSONAL NAME
Personal name Mills, Bruce,
245 10 - TITLE STATEMENT
Title Theoretical introduction to programming
Statement of responsibility, etc. Bruce Mills.
260 ## - PUBLICATION, DISTRIBUTION, ETC.
Place of publication, distribution, etc. London :
Name of publisher, distributor, etc. Springer,
Date of publication, distribution, etc. c2006.
300 ## - PHYSICAL DESCRIPTION
Extent xi, 358 p. :
Other physical details ill. ;
Dimensions 24 cm.
650 #0 - SUBJECT ADDED ENTRY--TOPICAL TERM
Topical term or geographic name entry element Computer programming.
856 42 - ELECTRONIC LOCATION AND ACCESS
Materials specified Publisher description
Uniform Resource Identifier <a href="http://www.loc.gov/catdir/enhancements/fy0663/2005926335-d.html">http://www.loc.gov/catdir/enhancements/fy0663/2005926335-d.html</a>
856 42 - ELECTRONIC LOCATION AND ACCESS
Materials specified Table of contents only
Uniform Resource Identifier <a href="http://www.loc.gov/catdir/enhancements/fy0824/2005926335-t.html">http://www.loc.gov/catdir/enhancements/fy0824/2005926335-t.html</a>
942 ## - ADDED ENTRY ELEMENTS (KOHA)
Koha item type Book
Call number prefix 004 MIL
Source of classification or shelving scheme
Holdings
Withdrawn status Lost status Damaged status Not for loan Collection code Permanent Location Current Location Shelving location Date acquired Source of acquisition Cost, normal purchase price Full call number Barcode Date last seen Price effective from Koha item type
          NUST Law School (NLS) NUST Law School (NLS) First Floor - Computer Science 03/27/2006 A&J DEF Tek Consultant 4545.17 004 MIL SEECS007168 11/14/2012 01/05/2017 Book
© 2023 Central Library, National University of Sciences and Technology. All Rights Reserved.